| 000 | 00599nam a2200169 a 4500 | ||
|---|---|---|---|
| 008 | 120416s1986 ||||||||||||||||| || u | ||
| 020 | _a0078810086 | ||
| 050 | _aHD 69.P75 Lev | ||
| 100 | _aLevine, Harvey A | ||
| 245 | 1 | 0 | _aProject Management using micro-computers |
| 260 |
_aBerkeley, [Calif.] _bOsborne/McGraw-Hill _c1986 |
||
| 300 | _axiv, 416p. : ill. | ||
| 350 | _a0.00 | ||
| 650 | 0 | _aMANAGEMENT | |
| 650 | 0 | _aPROJECT MANAGEMENT | |
| 995 |
_D0.00 _FCBU-MAIN LIBRARY (Kitwe) _H1 _I17.95 _M1 _UAVAILABLE _ZMain Library Open Access Collection |
||
| 999 |
_c55053 _d55053 |
||